[Event "AUTO-BEG-286"]
[Site "http://www.queenalice.com/game.php?id=530592"]
[Date "2009.1.28"]
[Round "1"]
[White "Galaad"]
[Black "ttapada"]
[Result "1-0"]
[WhiteElo "1269"]
[BlackElo "1198"]

1. e4 e5 2. Nf3 f6 3. Nc3 Nc6 4. Bc4 d6 5. d3 Na5 6. Bb5+ Bd7 7. b4 Nc6 8. a3
Be6 9. O-O Nh6 10. Nd5 f5 11. Ng5 Bd7 12. Bc4 fxe4 13. dxe4 Nd4 14. c3 Nb5 15.
Nf3 1-0

[Event "AUTO-BEG-286"]
[Site "http://www.queenalice.com/game.php?id=530593"]
[Date "2009.1.28"]
[Round "1"]
[White "ttapada"]
[Black "Galaad"]
[Result "0-1"]
[WhiteElo "1213"]
[BlackElo "1243"]

1. e4 e5 2. Qh5 Nc6 3. Bc4 g6 4. Qf3 Nf6 5. d3 Nd4 6. Na3 Nxf3+ 7. Nxf3 Bd6 8.
O-O O-O 9. Ng5 c6 10. b3 b5 11. Bxf7+ Rxf7 12. Nxf7 Kxf7 13. h3 Bc5 14. Bb2 d6
0-1

[Event "uji40"]
[Site "http://www.queenalice.com/game.php?id=530687"]
[Date "2009.1.28"]
[Round "2"]
[White "Galaad"]
[Black "jajaf1959"]
[Result "0-1"]
[WhiteElo "1044"]
[BlackElo "1457"]

1. e4 c5 2. Nf3 Nc6 3. Bc4 h6 4. Nc3 e5 5. d3 Be7 6. Be3 Nf6 7. Qe2 d6 8. a3 a6
9. Bb3 b5 10. Nd5 Nxd5 11. Bxd5 Bb7 12. O-O O-O 13. Bd2 Kh8 14. b4 cxb4 15. axb4
f5 16. Bc3 fxe4 17. dxe4 Rb8 18. Bb3 Qb6 19. Rad1 Rbd8 20. Rd3 a5 21. bxa5 Nxa5
22. Ra1 b4 23. Bd2 Ba6 24. Be3 Qc7 25. Bd2 Bxd3 26. Qxd3 Nxb3 27. Qxb3 Qb7 28.
Bxb4 Qxe4 29. Bd2 d5 30. Re1 Qf5 31. Nxe5 Qxf2+ 32. Kh1 Qxd2 33. Rg1 Bc5 34. Rb1
Qf2 35. Ng6+ Kh7 36. Nxf8+ Rxf8 37. Qd3+ Kh8 38. h3 Bd6 39. Rc1 Qg3 40. Qxg3
Bxg3 41. Kg1 Bf2+ 42. Kh2 Rc8 43. c3 d4 44. Rc2 Be3 45. c4 d3 46. Rc3 Bf4+ 47.
g3 Be5 48. Rxd3 Rxc4 49. Kg2 Rc3 50. Rxc3 Bxc3 51. h4 g6 52. Kf3 Kg7 53. g4 Kf6
54. Kg3 g5 55. Kh3 Ke5 56. hxg5 hxg5 57. Kg3 Ke4 0-1

[Event "Tournoi Francais"]
[Site "http://www.queenalice.com/game.php?id=538968"]
[Date "2009.2.12"]
[Round "3"]
[White "Galaad"]
[Black "tsuki"]
[Result "1-0"]
[WhiteElo "1149"]
[BlackElo "1731"]

1. f4 d5 2. d4 e5 3. Nf3 e4 4. Ne5 Be6 5. e3 Nh6 6. Be2 f6 7. Ng4 Nxg4 8. Bxg4
Qd7 9. Bxe6 Qxe6 10. Nc3 b6 11. Qh5+ g6 12. Qxd5 1-0

[Event "Challenge"]
[Site "http://www.queenalice.com/game.php?id=550509"]
[Date "2009.3.5"]
[Round "-"]
[White "Galaad"]
[Black "uji40"]
[Result "1-0"]
[WhiteElo "1183"]
[BlackElo "1841"]

1. e4 e5 2. Nf3 Nc6 3. Bc4 Nf6 4. d3 h6 5. a3 Bc5 6. h3 d5 7. exd5 Nxd5 8. Nxe5
Nxe5 9. d4 Bxd4 10. Qxd4 Qd6 11. Bf4 f6 12. Qxd5 Qxd5 13. Bxd5 Ng6 14. Bxc7 Bf5
15. Bb3 Nh4 16. O-O Kd7 17. Bg3 Ng6 18. Nc3 a5 19. Nb5 a4 20. Rad1+ Kc6 21. Nd4+
Kc5 22. Bf7 Be4 23. f3 Ne5 24. fxe4 Rad8 25. Ne6+ Kb6 26. Bf2+ Ka6 27. Nxd8 g5
28. Rd6+ b6 29. Rxb6+ Ka5 30. Nb7# 1-0

[Event "Challenge"]
[Site "http://www.queenalice.com/game.php?id=552794"]
[Date "2009.3.8"]
[Round "-"]
[White "uji40"]
[Black "Galaad"]
[Result "0-1"]
[WhiteElo "1801"]
[BlackElo "1213"]

1. e4 e5 2. Nf3 Nc6 3. Bb5 Bc5 4. c3 Nge7 5. d4 exd4 6. cxd4 Bb6 7. O-O a6 8.
Bc4 d5 9. exd5 Nxd5 10. Re1+ Be6 11. Nc3 O-O 12. a3 Nxc3 13. bxc3 Bxc4 14. Nd2
Be6 15. Nf3 Ne7 16. a4 Re8 17. a5 Ba7 18. Rb1 b5 19. axb6 cxb6 20. h3 Qc7 21.
Qd3 Bf5 22. Rxe7 Bxd3 23. Rxc7 Bxb1 24. Ne5 Bb8 25. Rb7 f6 26. Nd7 Re1# 0-1

[Event "tsuki"]
[Site "http://www.queenalice.com/game.php?id=566264"]
[Date "2009.4.3"]
[Round "2"]
[White "aragats"]
[Black "Galaad"]
[Result "0-1"]
[WhiteElo "1857"]
[BlackElo "1282"]

1. f4 d5 2. Nf3 Bf5 3. e3 Nf6 4. Bd3 Ne4 5. Nc3 e6 6. O-O Bd6 7. Nd4 O-O 8. Nxf5
exf5 9. Bb5 c6 10. Ba4 b5 11. Bb3 Bc7 12. d3 Nc5 13. Qe2 a5 14. d4 Ne4 15. a3
Nd7 16. Nxe4 fxe4 17. c3 Qh4 18. Bd2 Nf6 19. Be1 Qh5 20. Qxh5 Nxh5 21. Bd1 Nf6
22. Bg3 a4 23. b3 axb3 24. Bxb3 Ng4 25. Rfe1 Bd6 26. a4 bxa4 27. Bxa4 c5 28. h3
Nf6 29. Bh4 Ra6 30. Bb3 Rxa1 31. Rxa1 c4 32. Bd1 Rb8 33. Bxf6 gxf6 34. Ra5 Rb1
35. Rxd5 Rxd1+ 36. Kf2 Bf8 37. Rd8 Rd2+ 38. Kg3 Rd3 39. Kf2 Rxc3 40. Rc8 Kg7 0-1

[Event "AUTO-BEG-286"]
[Site "http://www.queenalice.com/game.php?id=578893"]
[Date "2009.4.27"]
[Round "2"]
[White "jajaf1959"]
[Black "Galaad"]
[Result "0-1"]
[WhiteElo "1710"]
[BlackElo "1365"]

1. e4 c5 2. c3 e5 3. Bc4 Nf6 4. Nf3 h6 5. Nxe5 d5 6. exd5 Nxd5 7. Qf3 Be6 8. O-O
Nc6 9. Re1 Nf6 10. Bxe6 fxe6 11. Nxc6 bxc6 12. Qxc6+ Nd7 13. Rxe6+ Be7 14. d4
O-O 15. Bxh6 cxd4 16. Bxg7 dxc3 17. Bxc3 Nf6 18. Nd2 Rc8 19. Qf3 Rf7 20. Rae1
Nh7 21. Qg4+ Ng5 22. Rg6+ Kf8 23. Qh5 Rh7 24. Qg4 Rxc3 25. h4 Qxd2 26. bxc3
Qxe1+ 27. Kh2 Qxf2 28. Qc8+ Bd8 29. Qxd8+ Kf7 30. Qg8+ Ke7 31. Rg7+ Rxg7 32.
Qxg7+ Nf7 33. Qh7 Qxa2 34. Qe4+ Kf8 35. c4 Qa5 36. Qa8+ Kg7 37. Qc8 Qe5+ 38. g3
a5 39. c5 Kf6 40. Qa6+ Kf5 41. Qxa5 Qe2+ 42. Kh3 Ne5 43. Qb4 Qf1+ 44. Kh2 Nf3#
0-1

[Event "AUTO-BEG-286"]
[Site "http://www.queenalice.com/game.php?id=578894"]
[Date "2009.4.27"]
[Round "2"]
[White "Galaad"]
[Black "jajaf1959"]
[Result "1-0"]
[WhiteElo "1312"]
[BlackElo "1752"]

1. e4 c5 2. Nf3 Nc6 3. Bc4 e5 4. Nc3 Nf6 5. Ng5 d5 6. exd5 Nxd5 7. Nxf7 Kxf7 8.
Qf3+ Ke6 9. Bxd5+ Kd6 10. Nb5+ Ke7 11. Qf7# 1-0

[Event "AUTO-BEG-286"]
[Site "http://www.queenalice.com/game.php?id=578897"]
[Date "2009.4.27"]
[Round "2"]
[White "andre2006"]
[Black "Galaad"]
[Result "0-1"]
[WhiteElo "1616"]
[BlackElo "1428"]

1. d4 d5 2. e3 Nc6 3. c4 Nf6 4. Nf3 e6 5. cxd5 Nxd5 6. Bb5 Bd7 7. Nc3 Bb4 8. a3
Bxc3+ 9. bxc3 Nxc3 10. Qd3 Nxb5 11. a4 Nd6 12. Ba3 O-O 13. e4 Re8 14. O-O a6 15.
Rfe1 Na5 16. e5 Nf5 17. Rab1 Bxa4 18. Qc3 b6 19. Nd2 Qxd4 20. Qc1 Bc6 21. Bb2
Qg4 22. g3 Nd4 23. Bxd4 Qxd4 24. Nb3 Qd5 25. Kf1 Bb5+ 26. Kg1 Nxb3 27. Qxc7 Bc6
28. Kf1 Nd2+ 29. Ke2 Rad8 30. Kd1 Nxb1+ 31. Kc1 Qd2+ 32. Kxb1 Qxe1+ 33. Kb2 Qe2+
34. Kc3 Rd3+ 35. Kb4 Qe4# 0-1

[Event "AUTO-BEG-286"]
[Site "http://www.queenalice.com/game.php?id=578898"]
[Date "2009.4.27"]
[Round "2"]
[White "Galaad"]
[Black "andre2006"]
[Result "1-0"]
[WhiteElo "1395"]
[BlackElo "1642"]

1. e4 c5 2. Nf3 d6 3. Bc4 Bg4 4. Nc3 Nc6 5. Bb5 e5 6. h3 Bd7 7. Bc4 f5 8. d3 Nf6
9. Ng5 h6 10. Nf7 Qb6 11. Nxh8 O-O-O 12. Ng6 Nd4 13. O-O fxe4 14. dxe4 Bc6 15.
Nd5 Bxd5 16. exd5 e4 17. c3 Nf5 18. Rb1 Ne7 19. Nf4 g5 20. Ne6 Re8 21. b4 Nf5
22. bxc5 Qxb1 23. c6 bxc6 24. Qa4 Kd7 25. dxc6+ Ke7 26. Qxa7+ Nd7 27. Qxd7+ Kf6
28. Bxg5+ Ke5 29. Rxb1 hxg5 30. Qxe8 Bh6 31. Ng7+ Kf4 32. Nh5# 1-0

[Event "AUTO-BEG-286"]
[Site "http://www.queenalice.com/game.php?id=578899"]
[Date "2009.4.27"]
[Round "2"]
[White "ichabod"]
[Black "Galaad"]
[Result "0-1"]
[WhiteElo "1238"]
[BlackElo "1419"]

1. d4 Nf6 2. d5 c6 3. c4 cxd5 4. cxd5 Qa5+ 5. Nc3 e5 6. Bd2 Qb6 7. Na4 Qd4 8.
Bc3 Qxd1+ 9. Rxd1 b5 10. Bxe5 bxa4 11. a3 Be7 12. g4 O-O 13. d6 Bd8 14. h3 Ne4
15. Rd4 Ba5+ 16. Rb4 Bxb4+ 17. axb4 Bb7 18. Bg2 Na6 19. f3 Ng5 20. b5 Nc5 21. h4
Nge6 22. g5 Rab8 23. e4 Nd3+ 24. Kd2 Nxe5 25. Ne2 Nc4+ 26. Kc3 Nxd6 27. Kb4 Ba8
28. Nc3 Nd4 29. Rd1 N4xb5 30. Kxa4 Nxc3+ 31. bxc3 Nc4 32. Rxd7 Bc6# 0-1

[Event "AUTO-BEG-286"]
[Site "http://www.queenalice.com/game.php?id=578900"]
[Date "2009.4.27"]
[Round "2"]
[White "Galaad"]
[Black "ichabod"]
[Result "1-0"]
[WhiteElo "1452"]
[BlackElo "1228"]

1. e4 e5 2. Nf3 d5 3. exd5 Qxd5 4. Nc3 Qa5 5. Bc4 Be6 6. Bxe6 fxe6 7. Qe2 Nc6 8.
O-O Rd8 9. Re1 Nf6 10. d3 Bc5 11. Bd2 O-O 12. a3 b5 13. Ne4 b4 14. axb4 Qb5 15.
bxc5 Qxb2 16. Bc3 Qb5 17. Reb1 Nxe4 18. Rxb5 Nxc3 19. Qe3 Nxb5 20. Ng5 Nbd4 21.
Qh3 h6 22. Nxe6 Ne2+ 23. Kf1 Nf4 24. Nxf4 exf4 25. Qe6+ Kh7 26. Qxc6 a5 27. Qxc7
Rc8 28. Qxa5 f3 29. Qc3 Rc6 30. d4 fxg2+ 31. Kxg2 Rg6+ 32. Kf1 Rgf6 33. Qe3 Rf3
34. Qe4+ g6 35. Ra7+ R8f7 36. Rxf7+ Rxf7 37. d5 h5 38. d6 Kg7 39. c6 g5 40. d7
Rf4 41. Qe5+ Kg6 42. d8=Q Rf5 43. Qg8+ Kh6 44. Qeh8# 1-0

[Event "AUTO-BEG-284"]
[Site "http://www.queenalice.com/game.php?id=641994"]
[Date "2009.8.25"]
[Round "2"]
[White "Iron_Flower"]
[Black "Galaad"]
[Result "0-1"]
[WhiteElo "1583"]
[BlackElo "1459"]

1. d4 e6 2. c4 c5 3. Nf3 Nf6 4. Bg5 d6 5. e3 Be7 6. Be2 Nbd7 7. O-O O-O 8. Nc3
b6 9. a3 Bb7 10. b4 a6 11. d5 exd5 12. Nxd5 Nxd5 13. cxd5 Bxg5 0-1

[Event "AUTO-BEG-284"]
[Site "http://www.queenalice.com/game.php?id=641995"]
[Date "2009.8.25"]
[Round "2"]
[White "Galaad"]
[Black "Iron_Flower"]
[Result "1-0"]
[WhiteElo "1498"]
[BlackElo "1557"]

1. e4 e5 2. Nf3 Nf6 3. Nc3 Nc6 4. Bc4 Bb4 5. d3 d6 6. Bd2 O-O 7. O-O Bg4 8. h3
Bh5 9. a3 Ba5 10. b4 Bb6 11. Be3 Nd4 12. g4 Nxf3+ 13. Qxf3 Bg6 14. g5 Bxe3 15.
Qxe3 a6 16. gxf6 Qxf6 17. Nd5 Qd8 18. Qg3 c6 19. Ne3 1-0